Statistics for Top 10 Tallest Steel Roller Coasters on Earth

Click here to take the quiz!

General Stats

  • This quiz has been taken 149 times
  • The average score is 9 of 10

Answer Stats

Height (ft)CountryParkAnswer% Correct
456USASix Flags Great AdventureKingda Ka
99%
420USACedar PointTop Thrill Dragster
96%
325USACarowindsFury 325
93%
310USACedar PointMillennium Force
92%
305USAKings DominionIntimidator 305
89%
415USASix Flags Magic MountainSuperman: Escape from Krypton
89%
306CanadaCanada's WonderlandLeviathan
85%
318JapanNagashima Spa LandSteel Dragon 2000
82%
367SpainFerrari LandRed Force
81%
377AustraliaDreamworldTower of Terror II
54%

Score Distribution

Percentile by Number Answered

Percent of People with Each Score

Your Score History

You have not taken this quiz